Politická ekonomie socialismus
Guardado en:
| Autor principal: | |
|---|---|
| Formato: | Libro |
| Lenguaje: | checo |
| Publicado: |
Praha
Svoboda
1983
|
| Edición: | 2. dopln. a přeprac. vyd. |
| Etiquetas: |
Sin Etiquetas, Sea el primero en etiquetar este registro!
|
MARC
| LEADER | 00000nam a2200000 4500 | ||
|---|---|---|---|
| 001 | c132043 | ||
| 005 | 20230105083808.9 | ||
| 041 | 0 | |a cze | |
| 044 | |a CZ | ||
| 245 | 1 | 0 | |a Politická ekonomie |b socialismus |c Jaroslav Rypota a kol. |
| 250 | |a 2. dopln. a přeprac. vyd. | ||
| 264 | 1 | |a Praha |b Svoboda |c 1983 | |
| 300 | |a 666 s. | ||
| 100 | 1 | |a Rypota, Jaroslav | |